| Tag |
First Indicator |
Second Indicator |
Subfields |
| LEADER |
00000cam a2200000 4500 |
| 001 |
in00000049358 |
| 005 |
20151007071659.0 |
| 008 |
701222r19701823nyuc 00000 eng |
| 010 |
|
|
|a 70019195
|
| 035 |
|
|
|a (OCoLC)00107951
|
| 035 |
|
|
|9 AAE6431AM
|
| 040 |
|
|
|a DLC
|c DLC
|d TXA
|d UtOrBLW
|
| 043 |
|
|
|a n------
|
| 049 |
|
|
|a TXAM
|c [1121378]
|
| 050 |
0 |
0 |
|a E87
|b .H93 1970
|
| 082 |
0 |
|
|a 970.1
|
| 100 |
1 |
|
|a Hunter, John Dunn,
|d 1798?-1827.
|
| 240 |
1 |
0 |
|a Manners and customs of several Indian tribes
|
| 245 |
1 |
0 |
|a Memoirs of a captivity among the Indians of North America, from childhood to the age of nineteen :
|b with anecdotes descriptive of their manners and customs, to which is added, some account of the soil, climate, and vegetable productions of the territory westward of the Mississippi.
|
| 250 |
|
|
|a New ed.
|b London, Printed for Longman, Hurst, Rees, Orme, Brown and Green, 1823.
|
| 264 |
|
1 |
|a New York :
|b Johnson Reprint Corp.,
|c [1970]
|
| 300 |
|
|
|a ix, 447 pages :
|b portrait ;
|c 23 cm.
|
| 336 |
|
|
|a text
|b txt
|2 rdacontent
|
| 337 |
|
|
|a unmediated
|b n
|2 rdamedia
|
| 338 |
|
|
|a volume
|b nc
|2 rdacarrier
|
| 490 |
1 |
|
|a Series in American studies
|
| 500 |
|
|
|a First published in 1823 under title: Manners and customs of several Indian tribes.
|
| 650 |
|
0 |
|a Indian captivities.
|
| 650 |
|
0 |
|a Indians of North America
|x Social life and customs.
|
| 830 |
|
0 |
|a Series in American studies.
|
| 999 |
|
|
|a MARS
|
| 999 |
f |
f |
|s 1dc76eef-7d26-32c6-888e-64a64dbc292e
|i 836ecdfb-b5ec-3d44-8ecd-0d41bccb109f
|t 0
|
| 952 |
f |
f |
|p normal
|a Texas A&M University
|b College Station
|c Sterling C. Evans Library
|d Evans: Library Stacks
|t 0
|e E87 .H93 1970
|h Library of Congress classification
|i unmediated -- volume
|m A14802133848
|
| 998 |
f |
f |
|a E87 .H93 1970
|t 0
|l Evans: Library Stacks
|